MAASAI MARA UNIVERSITY

LIBRARY CATALOGUE

Contact Us: +254 020 2685356/7 or 0774 057787

Box: 861-20500, NAROK, KENYA

Email: info@mmarau.ac.ke

_Preventing Reading difficulties in young children Catherine E. snow (Record no. 12535)

MARC details
000 -LEADER
fixed length control field 00478nam a2200157Ia 4500
008 - FIXED-LENGTH DATA ELEMENTS--GENERAL INFORMATION
fixed length control field 151021s9999 xx 000 0 und d
020 ## - INTERNATIONAL STANDARD BOOK NUMBER
International Standard Book Number 030906148x
050 ## - LIBRARY OF CONGRESS CALL NUMBER
Classification number LB525.76.C66 1998
245 ## - TITLE STATEMENT
Title _Preventing Reading difficulties in young children Catherine E. snow
260 ## - PUBLICATION, DISTRIBUTION, ETC. (IMPRINT)
Place of publication, distribution, etc. Washington National Academic press 1998
300 ## - PHYSICAL DESCRIPTION
Extent xiv,432p.
500 ## - GENERAL NOTE
General note Include index
500 ## - GENERAL NOTE
General note Include index
700 ## - ADDED ENTRY--PERSONAL NAME
Personal name _Burns Susan M.
980 ## - EQUIVALENCE OR CROSS-REFERENCE-SERIES STATEMENT--PERSONAL NAME/TITLE [LOCAL, CANADA]
Personal name ^d20120827 05:26:18^oanne

No items available.

© 2016 Maasai Mara University.